00478 a2200169 450000500170000000800410001701000140005802000100007203500130008203700150009508200150011010000300012524500380015526000600019327000290025330000260028220080825130210.0080825t xxu||||| |||| 00| 0 eng d aENG-87123 c40.00 aEN-70656 bDBAD / PUB a305.095431 aPillai, M.S. Puranalingam aTamil Indiacby M.S. Puranalingam aChennaibInternational Institute of Tamil Studiesc1999 aC.I.T. Campus, Tharamani a131 p.c21 cm ( pbk.)